[Event "COL-ch U2300"]
[Site "Pereira"]
[Date "2022.02.17"]
[Round "2"]
[White "Gallego, Julian Andres"]
[Black "Cuesta Cifuentes, Jair Alfonso"]
[Result "1-0"]
[WhiteElo "2185"]
[BlackElo "1974"]
[PlyCount "73"]
[EventDate "2022.02.16"]
[EventType "swiss"]
[EventRounds "9"]
[EventCountry "COL"]
[SourceTitle "CBM 207 Extra"]
[Source "ChessBase"]
[SourceDate "2022.05.31"]
[SourceVersion "1"]
[SourceVersionDate "2022.05.31"]
[SourceQuality "1"]

1. d4 Nf6 2. Bg5 d5 3. Bxf6 exf6 4. c4 c6 5. Nc3 dxc4 6. e3 Be6 7. Nge2 Bd6 8. Ne4 Bb4+ 9. N2c3 f5 10. Nd2 Qa5 11. Qc2 b5 12. Be2 g6 13. 0-0 Bxc3 14. bxc3 0-0 15. a4 Qd8 16. Rfb1 a6 17. axb5 cxb5 18. Rxb5 axb5 19. Rxa8 Bd5 20. Ra1 Nd7 21. Qb2 Qb6 22. Qb4 Qc6 23. Bf3 Nf6 24. Rb1 Rb8 25. Qe7 Bxf3 26. gxf3 Nd5 27. Qa3 Ra8 28. Qc1 Ra2 29. Nf1 Nf6 30. Rb2 Ra5 31. Kg2 Kg7 32. Re2 Qa8 33. Ng3 h5 34. e4 h4 35. Nxf5+ gxf5 36. Qg5+ Kf8 37. Qxf6 1-0

[Event "COL Subzt 2.3.4"]
[Site "Risarald"]
[Date "2021.11.24"]
[Round "3"]
[White "Cuesta Cifuentes, Jair Alfonso"]
[Black "Zuluaga, Nicolas"]
[Result "1-0"]
[WhiteElo "1992"]
[BlackElo "1722"]
[PlyCount "57"]
[EventDate "2021.11.23"]
[EventType "swiss"]
[EventRounds "9"]
[EventCountry "COL"]
[SourceTitle "CBM 205 Extra"]
[Source "ChessBase"]
[SourceDate "2022.01.31"]
[SourceVersion "1"]
[SourceVersionDate "2022.01.31"]
[SourceQuality "1"]

1. d4 Nf6 2. c4 d5 3. cxd5 Nxd5 4. e4 Nf6 5. Nc3 a6 6. Be3 Bg4 7. f3 Bh5 8. Qb3 Qc8 9. Rc1 b6 10. e5 Nfd7 11. Nd5 Qb7 12. Rxc7 Ra7 13. Rxb7 Rxb7 14. Qc3 Kd8 15. Bd3 e6 16. Nf4 Bg6 17. Nxg6 hxg6 18. Ne2 a5 19. a3 Be7 20. 0-0 Ra7 21. Rc1 Ke8 22. Qc8+ Bd8 23. Bg5 f6 24. exf6 gxf6 25. Bf4 e5 26. dxe5 Nxe5 27. Bxe5 fxe5 28. Qxb8 Rg7 29. Rc8 1-0

[Event "Bogota El Tablazo Blitz op"]
[Site "Bogota"]
[Date "2021.11.07"]
[Round "5"]
[White "Cuesta Cifuentes, Jair Alfonso"]
[Black "Estrada Velandia, Henry Andres"]
[Result "0-1"]
[WhiteElo "1768"]
[BlackElo "2055"]
[PlyCount "44"]
[EventDate "2021.11.07"]
[EventType "swiss"]
[EventRounds "14"]
[EventCountry "COL"]
[SourceTitle "CBM 205 Extra"]
[Source "ChessBase"]
[SourceDate "2022.01.31"]
[SourceVersion "1"]
[SourceVersionDate "2022.01.31"]
[SourceQuality "1"]

1. Nf3 c6 2. c4 d5 3. e3 e6 4. Nc3 Bd6 5. b3 Ne7 6. Bb2 0-0 7. Qc2 f6 8. Bd3 h6 9. h4 e5 10. cxd5 cxd5 11. Nb5 e4 12. Bxe4 dxe4 13. Qxe4 Nbc6 14. Qc4+ Kh7 15. Qd3+ Nf5 16. g4 Nb4 17. Qb1 Bc5 18. d4 Bb6 19. a3 Qd5 20. gxf5 Qxf3 21. Rg1 Bxf5 22. Qd1 Nc2+ 0-1

[Event "Manizales Las Americas op-A"]
[Site "Manizales"]
[Date "2021.10.17"]
[Round "8"]
[White "Ruiz Aguilar, Pablo Alexander"]
[Black "Cuesta Cifuentes, Jair Alfonso"]
[Result "1-0"]
[WhiteElo "2172"]
[BlackElo "1945"]
[PlyCount "63"]
[EventDate "2021.10.14"]
[EventType "swiss"]
[EventRounds "10"]
[EventCountry "COL"]
[SourceTitle "CBM 204 Extra"]
[Source "ChessBase"]
[SourceDate "2021.11.30"]
[SourceVersion "1"]
[SourceVersionDate "2021.11.30"]
[SourceQuality "1"]

1. e4 e6 2. d4 d5 3. Nd2 Be7 4. c3 Nf6 5. e5 Nfd7 6. Bd3 c5 7. f4 Nc6 8. Ndf3 Qb6 9. Ne2 cxd4 10. cxd4 f6 11. Nc3 0-0 12. Na4 Qa5+ 13. Bd2 Bb4 14. Nc3 fxe5 15. fxe5 Qb6 16. Bxh7+ Kxh7 17. Ng5+ Kg6 18. Nxe6 Ndxe5 19. Nxf8+ Bxf8 20. dxe5 Nxe5 21. Qe2 Bd6 22. Nxd5 Qxb2 23. Nf4+ Kh7 24. 0-0 Bg4 25. Qe4+ g6 26. Qd5 Qb6+ 27. Kh1 Bf5 28. Ne6 Qc6 29. Ng5+ Kg7 30. Qd4 Qc5 31. Qxc5 Bxc5 32. Rxf5 1-0

[Event "Manizales Las Americas op-A"]
[Site "Manizales"]
[Date "2021.10.16"]
[Round "6"]
[White "Cuesta Cifuentes, Jair Alfonso"]
[Black "Lorenzana, Wilson Estuardo"]
[Result "0-1"]
[WhiteElo "1945"]
[BlackElo "2220"]
[PlyCount "98"]
[EventDate "2021.10.14"]
[EventType "swiss"]
[EventRounds "10"]
[EventCountry "COL"]
[SourceTitle "CBM 204 Extra"]
[Source "ChessBase"]
[SourceDate "2021.11.30"]
[SourceVersion "1"]
[SourceVersionDate "2021.11.30"]
[SourceQuality "1"]

1. d4 Nf6 2. c4 g6 3. Nc3 Bg7 4. e4 0-0 5. Nf3 d6 6. h3 e5 7. d5 Nh5 8. g3 a5 9. Be2 Qe8 10. Nh4 Nf6 11. Be3 Na6 12. Nf3 Nd7 13. g4 Ndc5 14. a3 a4 15. Nd2 Bd7 16. h4 h6 17. Qc2 c6 18. h5 g5 19. Rd1 Qd8 20. f3 Qa5 21. 0-0 Rfc8 22. Kg2 Bf8 23. Ra1 Be7 24. Rfb1 Rab8 25. b4 axb3 26. Nxb3 Nxb3 27. Qxb3 Bd8 28. Ra2 Nc5 29. Qb4 Qa7 30. Bxc5 dxc5 31. Qb2 f6 32. Nd1 cxd5 33. exd5 b5 34. Qc2 f5 35. Bd3 e4 36. fxe4 f4 37. Nf2 Bf6 38. e5 Bxe5 39. Bf5 Rf8 40. Bxd7 Qxd7 41. Qg6+ Bg7 42. Qe6+ Qxe6 43. dxe6 bxc4 44. Rxb8 Rxb8 45. Re2 Rb2 46. Re4 Kf8 47. Kf3 Bd4 48. Nh3 Rh2 49. Nxg5 Rf2# 0-1

[Event "Soacha op-A"]
[Site "Soacha"]
[Date "2021.09.08"]
[Round "2"]
[White "Cuesta Cifuentes, Jair Alfonso"]
[Black "Oliveros, Camilo"]
[Result "0-1"]
[WhiteElo "1948"]
[BlackElo "2191"]
[PlyCount "113"]
[EventDate "2021.09.08"]
[EventType "swiss"]
[EventRounds "10"]
[EventCountry "COL"]
[SourceTitle "CBM 204 Extra"]
[Source "ChessBase"]
[SourceDate "2021.11.30"]
[SourceVersion "1"]
[SourceVersionDate "2021.11.30"]
[SourceQuality "1"]

1. Nf3 c5 2. c4 g6 3. g3 Bg7 4. Bg2 Nc6 5. 0-0 e6 6. Nc3 Nge7 7. d4 Nxd4 8. Nxd4 cxd4 9. Nb5 Nf5 10. g4 a6 11. Qa4 Rb8 12. gxf5 axb5 13. Qa7 Be5 14. f4 Bc7 15. Qxd4 0-0 16. Kh1 bxc4 17. b3 Bb6 18. Qxc4 d5 19. Qd3 exf5 20. Bxd5 Qf6 21. Rb1 Be6 22. Bb2 Qe7 23. e4 fxe4 24. Bxe4 Rbd8 25. Qf3 Bg4 26. Qxg4 Qxe4+ 27. Qf3 Qxf3+ 28. Rxf3 Rd2 29. f5 Bc7 30. fxg6 Rxh2+ 31. Kg1 hxg6 32. Bf6 Rh5 33. Rc1 Be5 34. Rcf1 Bxf6 35. Rxf6 Rg5+ 36. Kh2 Kg7 37. R6f3 Rh8+ 38. Rh3 Rxh3+ 39. Kxh3 Ra5 40. Rf2 g5 41. Rc2 Kg6 42. a4 Rd5 43. Kg2 Rd3 44. b4 Rd4 45. Rb2 f5 46. a5 g4 47. b5 Ra4 48. a6 b6 49. Rd2 Kg5 50. Rd6 Ra2+ 51. Kf1 Kf4 52. Rxb6 Kf3 53. Ke1 g3 54. Rg6 f4 55. Rg7 Kg2 56. a7 f3 57. b6 0-1

[Event "COL-ch Amateurs U2000"]
[Site "Bogota"]
[Date "2021.06.26"]
[Round "5"]
[White "Pinillo Canon, Silvana"]
[Black "Cuesta Cifuentes, Jair Alfonso"]
[Result "1/2-1/2"]
[WhiteElo "1749"]
[BlackElo "1941"]
[PlyCount "79"]
[EventDate "2021.06.23"]
[EventType "swiss"]
[EventRounds "7"]
[EventCountry "COL"]
[SourceTitle "CBM 203 Extra"]
[Source "ChessBase"]
[SourceDate "2021.09.30"]
[SourceVersion "1"]
[SourceVersionDate "2021.09.30"]
[SourceQuality "1"]

1. e4 e6 2. d4 d5 3. Nc3 Bb4 4. e5 c5 5. a3 Bxc3+ 6. bxc3 Ne7 7. f4 Nbc6 8. Nf3 Qa5 9. Qd2 b6 10. g3 Ba6 11. Bh3 Qa4 12. Kf2 Rc8 13. dxc5 bxc5 14. Bf1 Bxf1 15. Rxf1 Rb8 16. Qd3 Na5 17. Ra2 d4 18. Bd2 Nd5 19. Ng5 dxc3 20. Bxc3 Nxc3 21. Qxc3 h6 22. Nf3 0-0 23. Nd2 Rfd8 24. Raa1 Rd5 25. Rfe1 Rbd8 26. Ne4 Nc4 27. Re2 Rb8 28. Ra2 Rb1 29. Kg2 Rdd1 30. Qf3 Rg1+ 31. Kh3 Rbf1 32. Qd3 Rd1 33. Qf3 Rgf1 34. Qb3 Qa6 35. Qb8+ Kh7 36. Qf8 Qb7 37. Qxc5 Nd2 38. Nxd2 Rxd2 39. Rxd2 Qf3 40. Qd4 1/2-1/2

[Event "COL-ch sf"]
[Site "Bogota"]
[Date "2020.11.15"]
[Round "6"]
[White "Montenegro, Juan Rolando"]
[Black "Cuesta Cifuentes, Jair Alfonso"]
[Result "0-1"]
[WhiteElo "2077"]
[BlackElo "1953"]
[PlyCount "67"]
[EventDate "2020.11.12"]
[EventType "swiss"]
[EventRounds "8"]
[EventCountry "COL"]
[SourceTitle "CBM 199 Extra"]
[Source "ChessBase"]
[SourceDate "2021.01.31"]
[SourceVersion "1"]
[SourceVersionDate "2021.01.31"]
[SourceQuality "1"]

1. e4 c5 2. Nc3 e6 3. Nge2 a6 4. g3 Qc7 5. Bg2 Nc6 6. 0-0 h5 7. h3 Nf6 8. f4 d6 9. d3 b5 10. Be3 Bb7 11. Qd2 Rc8 12. Rad1 Be7 13. f5 e5 14. Nd5 Qa5 15. c3 Nb8 16. b4 Qa3 17. bxc5 dxc5 18. c4 Nc6 19. Rb1 b4 20. Bf3 Bd6 21. g4 hxg4 22. hxg4 Nxd5 23. cxd5 Nd4 24. Kg2 Kd7 25. Rh1 a5 26. g5 Ba6 27. Bxd4 exd4 28. f6 Rcg8 29. Rxh8 Rxh8 30. fxg7 Rg8 31. Rh1 Rxg7 32. Bg4+ Ke7 33. Rh3 a4 34. g6 0-1

[Event "COL-ch sf"]
[Site "Bogota"]
[Date "2020.11.13"]
[Round "2"]
[White "Lozano Ramirez, Nestor Favian"]
[Black "Cuesta Cifuentes, Jair Alfonso"]
[Result "1-0"]
[WhiteElo "2242"]
[BlackElo "1953"]
[PlyCount "58"]
[EventDate "2020.11.12"]
[EventType "swiss"]
[EventRounds "8"]
[EventCountry "COL"]
[SourceTitle "CBM 199 Extra"]
[Source "ChessBase"]
[SourceDate "2021.01.31"]
[SourceVersion "1"]
[SourceVersionDate "2021.01.31"]
[SourceQuality "1"]

1. c4 e6 2. g3 d5 3. Bg2 Nf6 4. Nf3 Be7 5. 0-0 0-0 6. b3 Nbd7 7. Bb2 b6 8. Nc3 Bb7 9. e3 c6 10. d4 Ba6 11. Nd2 b5 12. Re1 Re8 13. cxd5 cxd5 14. Bf1 Qb6 15. Qe2 Rac8 16. Rec1 Bb4 17. Ndb1 Rc6 18. a3 Bxc3 19. Nxc3 b4 20. Nxd5 Rxc1 21. Bxc1 Bxe2 22. Nxb6 Bxf1 23. Nxd7 Bh3 24. Ne5 bxa3 25. Rxa3 Rc8 26. Nc4 Rc7 27. f3 h5 28. e4 Ne8 29. Bf4 Rd7 1-0

[Event "COL-ch Amateur U2000"]
[Site "Paipa"]
[Date "2020.02.29"]
[Round "7"]
[White "Alvarez, David Mauricio"]
[Black "Cuesta Cifuentes, Jair Alfonso"]
[Result "0-1"]
[WhiteElo "1873"]
[BlackElo "1945"]
[PlyCount "54"]
[EventDate "2020.02.26"]
[EventType "swiss"]
[EventRounds "9"]
[EventCountry "COL"]
[SourceTitle "CBM 195 Extra"]
[Source "ChessBase"]
[SourceDate "2020.05.31"]
[SourceVersion "1"]
[SourceVersionDate "2020.05.31"]
[SourceQuality "1"]

1. e4 e6 2. d4 d5 3. exd5 exd5 4. Nf3 Bd6 5. h3 Ne7 6. Bd3 Nbc6 7. c3 Bf5 8. 0-0 Qd7 9. Bxf5 Qxf5 10. Be3 f6 11. Nbd2 g5 12. b4 h5 13. b5 Na5 14. Nh2 Qd7 15. Qf3 Nf5 16. a4 g4 17. Qe2 0-0-0 18. Kh1 gxh3 19. gxh3 Rde8 20. Qd3 Qh7 21. Qb1 Qd7 22. Qd3 Nh4 23. f3 Qxh3 24. Rf2 Nf5 25. Re1 Rhg8 26. Ndf1 Bg3 27. Ree2 Bxh2 0-1

[Event "COL-chC"]
[Site "Bogota"]
[Date "2019.08.31"]
[Round "5"]
[White "Cuesta Cifuentes, Jair Alfonso"]
[Black "Mora Suarez, Juan Felipe"]
[Result "1-0"]
[WhiteElo "1932"]
[BlackElo "1860"]
[PlyCount "73"]
[EventDate "2019.08.28"]
[EventType "swiss"]
[EventRounds "7"]
[EventCountry "COL"]
[SourceTitle "EXT 2020"]
[Source "ChessBase"]
[SourceDate "2019.10.17"]
[SourceVersion "1"]
[SourceVersionDate "2019.10.17"]
[SourceQuality "1"]

1. c4 Nf6 2. g3 g6 3. Bg2 d5 4. Nf3 Bg7 5. 0-0 0-0 6. cxd5 Nxd5 7. Nc3 Nc6 8. Re1 e5 9. Rb1 Be6 10. a3 Rb8 11. e4 Nb6 12. d3 Qd7 13. Qc2 Rbd8 14. Rd1 Bg4 15. Be3 f5 16. exf5 Qxf5 17. Ng5 Bxd1 18. Rxd1 Nc4 19. Nce4 Nxe3 20. fxe3 Qd7 21. Bh3 Qe7 22. Ne6 Bh6 23. Qe2 Rf5 24. Bxf5 gxf5 25. Nxd8 Nxd8 26. Nc3 Qg5 27. Re1 Ne6 28. Kh1 Qd8 29. Qh5 Bg5 30. h4 Bf6 31. Qxf5 Ng7 32. Qe4 c6 33. Rf1 Qe7 34. Qf3 Qe6 35. Ne4 Qh3+ 36. Kg1 Ne8 37. Rf2 1-0

[Event "Tunja Boyaca op-B"]
[Site "Tunja"]
[Date "2019.08.01"]
[Round "3"]
[White "Cuesta Cifuentes, Jair Alfonso"]
[Black "Gonzalez Lopez, Eulises"]
[Result "1-0"]
[WhiteElo "1932"]
[BlackElo "1770"]
[PlyCount "57"]
[EventDate "2019.07.31"]
[EventType "swiss"]
[EventRounds "9"]
[EventCountry "COL"]
[SourceTitle "EXT 2020"]
[Source "ChessBase"]
[SourceDate "2019.10.17"]
[SourceVersion "1"]
[SourceVersionDate "2019.10.17"]
[SourceQuality "1"]

1. c4 a6 2. g3 Nf6 3. Bg2 e6 4. Nf3 Nc6 5. 0-0 Be7 6. b3 0-0 7. Bb2 Rb8 8. d4 d5 9. Nc3 b5 10. cxd5 exd5 11. Ne1 Bb7 12. Rc1 Re8 13. e4 dxe4 14. Nxe4 Nxe4 15. Bxe4 Nb4 16. Bxb7 Rxb7 17. a3 Nd5 18. Nd3 b4 19. a4 Bg5 20. Rc5 Nc3 21. Qg4 Bf6 22. Ne5 Bxe5 23. dxe5 Qd2 24. Bxc3 bxc3 25. Qf3 Rxb3 26. Rxc7 Rf8 27. Rd1 Qb2 28. Rd8 Rb8 29. Qxf7+ 1-0